000 00552nam a2200217Ia 4500
005 20241216010712.0
008 180423s9999||||xx |||||||||||||| ||und||
082 _a310
_bS75
100 _aSPIEGEL, MURRAY R.
245 0 _aESTADISTICA
_bTEORÝA Y 875 PROBLEMAS RESUELTOS
250 _a0
260 _aCOLOMBIA
_bMH.
_c1961
300 _a357 pag.
_c27 cm
341 _h0
490 _v0
_a0
505 _aESATDISTICA-INTRODCCION/TEORIA-PROBLEMAS
541 _aC
_d02-Dec-93
650 _aCIENCIAS SOCIALES
856 _zDeposito
942 _cLIBRO
999 _c21673
_d21673